The confessions of al Ghazzali/ (Record no. 20086)

MARC details
000 -LEADER
fixed length control field 00891cam a22002651 4500
001 - CONTROL NUMBER
control field 10094798
003 - CONTROL NUMBER IDENTIFIER
control field BDDh-ASL
005 - DATE AND TIME OF LATEST TRANSACTION
control field 20231015025837.0
008 - FIXED-LENGTH DATA ELEMENTS--GENERAL INFORMATION
fixed length control field 790507n xx 000 0 eng
010 ## - LIBRARY OF CONGRESS CONTROL NUMBER
LC control number 09032672
035 ## - SYSTEM CONTROL NUMBER
System control number (OCoLC)4934888
040 ## - CATALOGING SOURCE
Original cataloging agency DLC
Transcribing agency OCl
Modifying agency DLC
-- BDDh-ASL
050 00 - LIBRARY OF CONGRESS CALL NUMBER
Classification number B753.G33
Item number C7
082 ## - DEWEY DECIMAL CLASSIFICATION NUMBER
Classification number 238
Item number FIC
100 0# - MAIN ENTRY--PERSONAL NAME
Personal name Ghazzālī,
Dates associated with a name 1058-1111.
245 04 - TITLE STATEMENT
Title The confessions of al Ghazzali/
Remainder of title tr. for the first time into English,
Statement of responsibility, etc. by Claud Field, M.A.
260 ## - PUBLICATION, DISTRIBUTION, ETC.
Place of publication, distribution, etc. Lahore:
-- London:
Name of publisher, distributor, etc. SH, Muhammad Ashraf,
-- John Murray Albemarle Street,
Date of publication, distribution, etc. 1909.
300 ## - PHYSICAL DESCRIPTION
Extent 70 p., 60 p. :
Dimensions 18cm., 16 cm.
490 0# - SERIES STATEMENT
Series statement The wisdom of the East series
500 ## - GENERAL NOTE
General note Series title also at head of t.-p.
500 ## - GENERAL NOTE
General note Printed in Great Britain.
700 1# - ADDED ENTRY--PERSONAL NAME
Personal name Field, Claud,
Dates associated with a name 1863-1941,
Relator term tr.
906 ## - LOCAL DATA ELEMENT F, LDF (RLIN)
a 7
b cbc
c oclcrpl
d u
e ncip
f 19
g y-gencatlg
942 ## - ADDED ENTRY ELEMENTS (KOHA)
Source of classification or shelving scheme Dewey Decimal Classification
Koha item type Books
Holdings
Withdrawn status Lost status Source of classification or shelving scheme Damaged status Not for loan Collection code Home library Current library Shelving location Date acquired Source of acquisition Total Checkouts Full call number Barcode Date last seen Copy number Price effective from Koha item type Public note
    Dewey Decimal Classification     Non-fiction Asiatic Society Library Asiatic Society Library General Stacks 12/25/2020 ASB Collection   238 FIC 103492 12/25/2020 C-1 12/25/2020 Books  
    Dewey Decimal Classification Damaged Not For Loan Non-fiction Asiatic Society Library Asiatic Society Library General Stacks 04/01/2021 ASB Library Collections   238 FIC 108175 04/01/2021 C-2 04/01/2021 Books RARE
    Dewey Decimal Classification     Non-fiction Asiatic Society Library Asiatic Society Library General Stacks 04/03/2021 ASB Library Collections   238 FIC 108260 04/03/2021 C-3 04/03/2021 Books RARE

Powered by Koha